| 000 | 00477nam a2200157 i 4500 | ||
|---|---|---|---|
| 001 | 71792 | ||
| 003 | ES-MaACL | ||
| 007 | t| | ||
| 008 | 040818s1972 ii ||||1| spa d | ||
| 100 | 1 |
_aGhose, Aurobindo. _956587 |
|
| 245 | 1 | 0 | _aSri Aurobindo. |
| 260 |
_a[New Delhi] : _bIndian Council for Cultural Relations, _c[1972] |
||
| 300 |
_aXIII, 48 lám., XXIV p. ; _c19 cm (apais.) |
||
| 710 | 2 |
_aIndian Council for Cultural Relations. _94695 |
|
| 852 |
_aES-MaACL _jE-5017 _bR.88925 |
||
| 999 |
_c71792 _d71792 |
||